| 000 | 01186njm a22003017a 4500 | ||
|---|---|---|---|
| 005 | 20100920121611.0 | ||
| 007 | sd ammalaaahaa | ||
| 008 | 100913t xxu||||| |||| 00| 0 hin d | ||
| 028 |
_a6405 624 _bPHILIPS |
||
| 035 | _aGR-03649 | ||
| 040 | _aSED/VEN | ||
| 100 |
_aNina _91184 |
||
| 245 |
_aKaifi Azmi's nazrana / _cby Nina [and] Rajinder Mehta ; music by Govind Prasad ; lyrics by Kaifi Azmi _h[sound recording] : |
||
| 246 | _aकैफ़ी आज़मी का नजराना | ||
| 260 |
_aDum Dum India _bPHILIPS _c1977 |
||
| 300 |
_a1 sound disc [Gramophone record] : _banalog, 33 1/3 rpm _c12.5 in. (LP) _fGramophone Record |
||
| 500 | _aBrief Record | ||
| 500 | _aRecord label :PHILIPS, Red | ||
| 505 | _aSide-1 (Kuch mujh ko doston mein) (Rajendra & Nina Mehta) Side-२ (Tum pareshan na ho) (Rajendra & Nina Mehta) | ||
| 600 |
_aNina _920778 |
||
| 650 |
_aHindi Film Songs _xExcerpts _zIndia _919603 |
||
| 700 |
_920747 _aKaifi Azmi |
||
| 700 |
_aGovind Prasad _920779 |
||
| 700 |
_aMehta, Rajendra _920780 |
||
| 700 |
_aRajinder Krishan _920776 |
||
| 942 |
_2ddc _cGR |
||
| 999 |
_c46965 _d46965 |
||